| 000 | 00419nam a2200181Ia 4500 | ||
|---|---|---|---|
| 005 | 20250603145936.0 | ||
| 008 | 250603s9999 xx 000 0 und d | ||
| 020 | _a9789784801232 | ||
| 050 | _aPR 9387.9 .A34/ | ||
| 100 | _aAdichie, Chimamanda Ngozi | ||
| 245 | 4 | _aThe thing around your neck | |
| 260 | _aNigeria | ||
| 260 | _bFarafina | ||
| 260 | _c2009 | ||
| 300 | _a217 p | ||
| 650 | _aNigeria | ||
| 942 | _cBK | ||
| 999 |
_c43309 _d43309 |
||